Organigrama y conducir la escuela (Registro nro. 4734)

Detalles MARC
000 -LEADER
fixed length control field 01365 a2200265 4500
001 - CONTROL NUMBER
control field 48802
005 - DATE AND TIME OF LATEST TRANSACTION
control field 20260407155754.0
008 - FIXED-LENGTH DATA ELEMENTS--GENERAL INFORMATION
fixed length control field 260407a1996 arg spa d
003 - CONTROL NUMBER IDENTIFIER
control field AR-UNSa-BCEJYS
040 ## - CATALOGING SOURCE
Original cataloging agency AR-UNSa-BCEJYS
Language of cataloging spa
Transcribing agency AR-UNSa-BCEJYS
080 ## - UNIVERSAL DECIMAL CLASSIFICATION NUMBER
Universal Decimal Classification number 371.2
Common auxiliary subdivision Organización de las instituciones educativas y de la enseñanza
020 ## - INTERNATIONAL STANDARD BOOK NUMBER
International Standard Book Number 950-12-3251-4
100 1# - MAIN ENTRY--PERSONAL NAME
Personal name Schlemenson, Aldo
245 10 - TITLE STATEMENT
Title Organigrama y conducir la escuela
Name of part/section of a work reflexiones de cinco directores y un asesor
264 #1 - PRODUCTION, PUBLICATION, DISTRIBUTION, MANUFACTURE, AND COPYRIGHT NOTICE
Place of production, publication, distribution, manufacture Buenos Aires :
Name of producer, publisher, distributor, manufacturer Paidós
Date of production, publication, distribution, manufacture, or copyright notice 1996
300 ## - PHYSICAL DESCRIPTION
Extent 219 p.
Dimensions 21 cm.
505 ## - FORMATTED CONTENTS NOTE
Formatted contents note 1. Introducción. Una definición necesaria: ¿Qué es y cómo funciona el grupo de directores? / Aldo Schlemenson - 2. La escuela como organización / Aldo Schlemenson - 3. La conducción de una institución educativa / Silvia K. de Lejtman - 4. Maestro: ¿profesión o semiprofesión? / Graciela González - 5.0 Evaluación, retribución docente diferencial y logros educativos / María Victoria Alfieri - 6. Identidad escolar. Lo parecido y lo diferente / Jorfe Apel y Carlos Tomasini - 7. La calidad en la educación / Jorge Apel y Carlos Tomasini.
590 ## - LOCAL NOTE (RLIN)
Local note niveau_biblio:m niveau_hierar:0
700 1# - ADDED ENTRY--PERSONAL NAME
Personal name Lejtman, Silvia K.
700 1# - ADDED ENTRY--PERSONAL NAME
Personal name González, Graciela
700 1# - ADDED ENTRY--PERSONAL NAME
Personal name Alfieri, María Victoria
700 1# - ADDED ENTRY--PERSONAL NAME
Personal name Apel, Jorge
700 1# - ADDED ENTRY--PERSONAL NAME
Personal name Tomasini, Carlos
942 ## - ADDED ENTRY ELEMENTS (KOHA)
Koha item type
Existencias
Withdrawn status Lost status Damaged status Not for loan Home library Current library Shelving location Date acquired Total checkouts Full call number Barcode Date last seen Price effective from Koha item type
        Biblioteca Prof. Eusebio Cleto del Rey Biblioteca Prof. Eusebio Cleto del Rey   07/04/2026   371.2 S339 L69948 07/04/2026 07/04/2026 Libro
        Biblioteca Prof. Eusebio Cleto del Rey Biblioteca Prof. Eusebio Cleto del Rey   07/04/2026   371.2 S339 L69947 07/04/2026 07/04/2026 Libro